[Event "CAN-ch U16"]
[Site "Victoria CAN"]
[Date "1997.03.12"]
[Round "6"]
[White "McLean, Nathan"]
[Black "Wong, Samuel"]
[Result "1-0"]
[WhiteElo "1969"]
[BlackElo "1881"]
[PlyCount "141"]
[GameId "2160767911966360"]
[EventDate "1997.03.09"]
[EventType "tourn"]
[EventRounds "9"]
[EventCountry "CAN"]

1. e4 c5 2. Nf3 d6 3. Bb5+ Nd7 4. O-O Ngf6 5. Re1 a6 6. Bxd7+ Bxd7 7. Nc3 e6 8. d4 cxd4 9. Qxd4 Be7 10. Bg5 Qc7 11. Rad1 Rc8 12. Rd2 Qc5 13. Red1 Qxd4 14. Rxd4 h6 15. Bh4 Bc6 16. Re1 O-O 17. Bxf6 gxf6 18. Nd2 b5 19. Nb3 Rfd8 20. Na5 Be8 21. Red1 Rc7 22. a3 Rdc8 23. h3 Kg7 24. R4d2 Kg6 25. g4 Bd7 26. Kh2 Be8 27. Kg3 Bd7 28. f4 Rh8 29. f5+ Kg7 30. Ne2 Rhc8 31. c3 Kh7 32. Nf4 Rf8 33. Nh5 Rg8 34. Kf3 Rg5 35. h4 Rg8 36. Rg2 Rc5 37. Nb7 Rc6 38. Rgd2 Kh8 39. Nxd6 Rxd6 40. Rxd6 Bxd6 41. Rxd6 Bc8 42. Nxf6 Rf8 43. Rd2 Kg7 44. Nh5+ Kh8 45. f6 Kh7 46. Kf4 Rg8 47. g5 hxg5+ 48. hxg5 e5+ 49. Kf3 Rxg5 50. Ng3 Rg4 51. Rd5 Rf4+ 52. Kg2 Rxf6 53. Rxe5 Re6 54. Rc5 Bb7 55. Rc7 Bxe4+ 56. Nxe4 Rxe4 57. Rxf7+ Kg6 58. Rf8 Re2+ 59. Rf2 Rxf2+ 60. Kxf2 Kf5 61. Ke3 Ke5 62. b3 a5 63. Kd3 Kd5 64. c4+ bxc4+ 65. bxc4+ Kc5 66. Kc3 Kc6 67. Kd4 a4 68. c5 Kc7 69. Kc4 Kc6 70. Kb4 Kd5 71. Kb5 1-0

[Event "CAN-ch U16"]
[Site "Victoria CAN"]
[Date "1997.03.13"]
[Round "7"]
[White "Golts, Roman"]
[Black "McLean, Nathan"]
[Result "1-0"]
[WhiteElo "2296"]
[BlackElo "1969"]
[PlyCount "87"]
[GameId "2160767911966362"]
[EventDate "1997.03.09"]
[EventType "tourn"]
[EventRounds "9"]
[EventCountry "CAN"]

1. e4 c5 2. Nf3 Nc6 3. d4 cxd4 4. Nxd4 g6 5. Nc3 Bg7 6. Be3 Nf6 7. Bc4 O-O 8. Qd2 Ng4 9. Nxc6 dxc6 10. Rd1 Qxd2+ 11. Bxd2 b5 12. Be2 Ne5 13. O-O Bb7 14. Be3 Bc8 15. a4 b4 16. Na2 a5 17. Nc1 Ba6 18. Bxa6 Rxa6 19. b3 Raa8 20. Bc5 Rfe8 21. Ne2 Kf8 22. f4 Ng4 23. e5 Nh6 24. Rd7 Nf5 25. g4 Nh6 26. h3 Ng8 27. g5 Red8 28. Rfd1 Rxd7 29. Rxd7 Ke8 30. Ra7 Rxa7 31. Bxa7 Kd7 32. Bb6 f6 33. Bxa5 c5 34. c3 bxc3 35. Bxc3 fxe5 36. Bxe5 Bxe5 37. fxe5 h6 38. h4 hxg5 39. hxg5 Kc6 40. e6 Kb6 41. Kf2 Ka5 42. Ke3 Kb4 43. Kd3 Ka5 44. Kc4 1-0

[Event "CAN-ch U16"]
[Site "Victoria CAN"]
[Date "1997.03.13"]
[Round "7"]
[White "Wong, Samuel"]
[Black "Hua, Lefong"]
[Result "0-1"]
[WhiteElo "1981"]
[BlackElo "2308"]
[PlyCount "126"]
[GameId "2160767911966364"]
[EventDate "1997.03.09"]
[EventType "tourn"]
[EventRounds "9"]
[EventCountry "CAN"]

1. d4 Nf6 2. c4 g6 3. Nc3 Bg7 4. e4 d6 5. Nf3 O-O 6. Be2 Na6 7. O-O e5 8. dxe5 dxe5 9. Qxd8 Rxd8 10. Bg5 Re8 11. Rfd1 h6 12. Be3 Ng4 13. Bc1 c6 14. h3 Nf6 15. Be3 Nh5 16. Ne1 Nf4 17. Nd3 g5 18. Bf1 Be6 19. Nc5 Nxc5 20. Bxc5 Bf8 21. Be3 Be7 22. Rac1 b6 23. Ne2 Red8 24. Nc3 Rdc8 25. Kh2 Ng6 26. Be2 Rc7 27. a3 Nf8 28. Na2 Nd7 29. Nc3 Bc5 30. Bxc5 Nxc5 31. Bf1 a5 32. Rc2 a4 33. Rcd2 Rcc8 34. Kh1 Kf8 35. Kg1 Ke7 36. f3 f6 37. Kf2 Nb3 38. Rc2 Nd4 39. Rcd2 Ra5 40. Ne2 Nb3 41. Rc2 Rc5 42. Ng3 b5 43. Nf5+ Bxf5 44. exf5 Nd4 45. Rcc1 Nxf5 46. cxb5 cxb5 47. Rxc5 Rxc5 48. Rd2 Nd4 49. Kg3 f5 50. h4 Kd6 51. hxg5 hxg5 52. Bd3 Rd5 53. Kf2 Nb3 54. Rd1 Nc5 55. Bc2 Rxd1 56. Bxd1 Nd3+ 57. Ke2 Nxb2 58. Bc2 f4 59. Kf2 Nc4 60. g3 Nxa3 61. Bd1 Nc4 62. gxf4 gxf4 63. Ke2 Kd5 0-1

[Event "CAN-ch U16"]
[Site "Victoria CAN"]
[Date "1997.03.13"]
[Round "7"]
[White "Zugic, Igor"]
[Black "Bertrand, Eric"]
[Result "1-0"]
[WhiteElo "2352"]
[BlackElo "1919"]
[PlyCount "61"]
[GameId "2160767911966365"]
[EventDate "1997.03.09"]
[EventType "tourn"]
[EventRounds "9"]
[EventCountry "CAN"]

1. d4 e6 2. Nf3 f5 3. g3 Nf6 4. Bg2 Be7 5. O-O O-O 6. c4 d6 7. Nc3 Qe8 8. Re1 Bd8 9. e4 fxe4 10. Nxe4 Nxe4 11. Rxe4 Qh5 12. Bf4 Nd7 13. Ng5 Qxd1+ 14. Rxd1 Bxg5 15. Bxg5 Nf6 16. Re2 h6 17. Bd2 Bd7 18. Ba5 c6 19. Bb4 Ne8 20. Bh3 a5 21. Ba3 b5 22. cxb5 cxb5 23. b3 b4 24. Bb2 Rc8 25. d5 Rc5 26. dxe6 Bb5 27. Red2 Rh5 28. e7 Rxh3 29. exf8=Q+ Kxf8 30. Rd5 Nc7 31. Rf5+ 1-0

[Event "CAN-ch U16"]
[Site "Victoria CAN"]
[Date "1997.03.13"]
[Round "8"]
[White "Bertrand, Eric"]
[Black "Ho, Andrew"]
[Result "0-1"]
[WhiteElo "1919"]
[BlackElo "2309"]
[PlyCount "98"]
[GameId "2160767911966366"]
[EventDate "1997.03.09"]
[EventType "tourn"]
[EventRounds "9"]
[EventCountry "CAN"]

1. e4 c5 2. Nf3 e6 3. c3 d5 4. exd5 Qxd5 5. d4 Nf6 6. Be2 Nc6 7. O-O cxd4 8. cxd4 Be7 9. Nc3 Qd6 10. Re1 O-O 11. Be3 b6 12. g3 Bb7 13. Nb5 Qd8 14. Bf4 Nd5 15. Qd2 Nxf4 16. Qxf4 Nb4 17. Qc7 Qxc7 18. Nxc7 Rac8 19. Rec1 Nc6 20. Ba6 Bxa6 21. Nxa6 Bf6 22. Rc2 Nxd4 23. Nxd4 Bxd4 24. Rac1 Rxc2 25. Rxc2 g6 26. Nb4 b5 27. b3 Bb6 28. Kf1 Kg7 29. Ke2 Rd8 30. Na6 Kf6 31. Nc7 Bxc7 32. Rxc7 a6 33. Ra7 Rd6 34. a3 e5 35. f3 h5 36. Ke3 Ke6 37. h4 f5 38. Ra8 Kd5 39. Rg8 Rc6 40. Rd8+ Ke6 41. Ra8 Rc3+ 42. Ke2 Rxb3 43. Rxa6+ Kf7 44. Rb6 e4 45. fxe4 fxe4 46. Kf2 Kg7 47. Ke2 Rxa3 48. Rxb5 Rxg3 49. Rb7+ Kh6 0-1

[Event "CAN-ch U16"]
[Site "Victoria CAN"]
[Date "1997.03.13"]
[Round "8"]
[White "Hua, Lefong"]
[Black "Chin, Garrett"]
[Result "1-0"]
[WhiteElo "2308"]
[BlackElo "1999"]
[PlyCount "75"]
[GameId "2160767911966368"]
[EventDate "1997.03.09"]
[EventType "tourn"]
[EventRounds "9"]
[EventCountry "CAN"]

1. d4 g6 2. c4 Bg7 3. e4 d6 4. f4 Nf6 5. Nc3 O-O 6. Nf3 c5 7. d5 e6 8. Be2 Re8 9. Nd2 exd5 10. cxd5 b6 11. O-O Na6 12. a4 Nc7 13. Bf3 Rb8 14. Re1 a6 15. Nc4 b5 16. Na5 Bb7 17. e5 Nd7 18. Nxb7 Rxb7 19. exd6 Na8 20. axb5 axb5 21. Re7 Bf6 22. Ne4 Bd4+ 23. Kh1 Nab6 24. Ng5 Bf6 25. Nxf7 Bxe7 26. Nxd8 Bxd8 27. Bg4 Bf6 28. Be6+ Kg7 29. f5 Nc4 30. Qd3 Nxd6 31. Bf4 Nc4 32. fxg6 hxg6 33. Bxd7 Rxd7 34. Qh3 Rxd5 35. Qh6+ Kf7 36. Qh7+ Ke6 37. Re1+ Ne5 38. Qxg6 1-0

[Event "CAN-ch U16"]
[Site "Victoria CAN"]
[Date "1997.03.13"]
[Round "8"]
[White "McLean, Nathan"]
[Black "Zugic, Igor"]
[Result "0-1"]
[WhiteElo "1969"]
[BlackElo "2352"]
[PlyCount "92"]
[GameId "2160767911966369"]
[EventDate "1997.03.09"]
[EventType "tourn"]
[EventRounds "9"]
[EventCountry "CAN"]

1. d4 Nf6 2. c4 g6 3. Nc3 d5 4. e3 Bg7 5. Nf3 O-O 6. h3 e6 7. c5 b6 8. cxb6 axb6 9. Be2 c5 10. O-O Bb7 11. b3 Ne4 12. Bb2 f5 13. Nxe4 fxe4 14. Ne1 Nc6 15. Nc2 Rf7 16. Qd2 e5 17. Rfd1 exd4 18. exd4 Qh4 19. Bb5 Raf8 20. Rf1 Bh6 21. Qe2 Ne7 22. dxc5 bxc5 23. Bd7 Bc8 24. Bxc8 Rxc8 25. Qg4 Qxg4 26. hxg4 Bg7 27. Bxg7 Kxg7 28. f3 exf3 29. gxf3 g5 30. Ne3 Rf6 31. Kg2 d4 32. Nc4 Ng6 33. Kg3 h6 34. Rae1 Ra6 35. a3 Rb8 36. Rb1 Nf4 37. Rfe1 Ra7 38. Re5 Rab7 39. Rxc5 Rxb3 40. Rxb3 Rxb3 41. Rc7+ Kf8 42. Rd7 Rc3 43. Ne5 Rc2 44. Rf7+ Kg8 45. Rxf4 gxf4+ 46. Kxf4 Re2 0-1

[Event "CAN-ch U16"]
[Site "Victoria CAN"]
[Date "1997.03.13"]
[Round "8"]
[White "Wong, Samuel"]
[Black "Golts, Roman"]
[Result "0-1"]
[WhiteElo "1981"]
[BlackElo "2296"]
[PlyCount "114"]
[GameId "2160767911966370"]
[EventDate "1997.03.09"]
[EventType "tourn"]
[EventRounds "9"]
[EventCountry "CAN"]

1. d4 Nf6 2. c4 e6 3. Nc3 Bb4 4. Qc2 c5 5. dxc5 Bxc5 6. Bf4 d6 7. Nf3 Nc6 8. e3 O-O 9. Be2 Qe7 10. O-O Rd8 11. Rfd1 Bd7 12. Rac1 Rac8 13. Qb1 Be8 14. a3 Bb6 15. Rd2 Bc7 16. Rcd1 Bb8 17. Bg5 Na5 18. Qa2 Bc6 19. Nd4 d5 20. Nxc6 bxc6 21. cxd5 cxd5 22. Rd4 Nc6 23. R4d2 Ne5 24. Nb5 Ng6 25. Nd4 h6 26. Bxf6 Qxf6 27. Qb3 Ne5 28. Rc2 Nc4 29. Rdc1 Be5 30. Bxc4 Bxd4 31. exd4 dxc4 32. Rxc4 Rxc4 33. Rxc4 Rxd4 34. Rxd4 Qxd4 35. g3 e5 36. Qc2 g6 37. a4 Kg7 38. Kg2 a5 39. b3 h5 40. h4 e4 41. Qe2 Qb4 42. Qe3 Kh7 43. Kh2 Qe7 44. Qg5 Qxg5 45. hxg5 Kg7 46. Kg2 f6 47. gxf6+ Kxf6 48. Kf1 Ke5 49. Ke2 Kd4 50. f3 exf3+ 51. Kxf3 Kc3 52. Kf4 Kxb3 53. Kg5 Kxa4 54. Kxg6 Kb5 55. Kxh5 a4 56. g4 a3 57. g5 a2 0-1

[Event "CAN-ch U16"]
[Site "Victoria CAN"]
[Date "1997.03.14"]
[Round "9"]
[White "Golts, Roman"]
[Black "Hua, Lefong"]
[Result "1-0"]
[WhiteElo "2296"]
[BlackElo "2308"]
[PlyCount "121"]
[GameId "2160767911966373"]
[EventDate "1997.03.09"]
[EventType "tourn"]
[EventRounds "9"]
[EventCountry "CAN"]

1. e4 g6 2. d4 Bg7 3. Nf3 d6 4. c4 Nf6 5. Nc3 O-O 6. Be2 Na6 7. O-O e5 8. d5 Nc5 9. Qc2 a5 10. Be3 Nh5 11. Rfe1 b6 12. a3 Bd7 13. b4 axb4 14. axb4 Na6 15. Qb2 Nf4 16. Bf1 Bg4 17. Nd2 Qc8 18. Ra3 f5 19. Rea1 Nxg2 20. Bxg2 f4 21. b5 fxe3 22. fxe3 Bh3 23. Nf1 Qg4 24. Rxa6 Rae8 25. Ng3 Bxg2 26. Qxg2 Bh6 27. Re1 Rf7 28. Nd1 Ref8 29. Ra2 Rf3 30. Rf2 Rxf2 31. Nxf2 Qf3 32. Qxf3 Rxf3 33. Kg2 Rxe3 34. Rxe3 Bxe3 35. Nd3 Bg5 36. Nb4 Kf7 37. Na6 Bd8 38. Ne2 h6 39. Nc1 Ke8 40. Nd3 Kd7 41. Kg3 h5 42. h4 Kc8 43. Ne1 Kd7 44. Nf3 Be7 45. Nb4 Ke8 46. Nd3 Bf6 47. Nf2 Be7 48. Nh3 Kd7 49. Nhg5 Kc8 50. Ne6 Kd7 51. Nfg5 Kc8 52. Nf7 Kd7 53. Nh8 Bf6 54. Nxg6 Kc8 55. Ngf8 Bh8 56. Nh7 Kd7 57. Nhg5 Bf6 58. Nh3 Kc8 59. Nf2 Kd7 60. Nd1 Kc8 61. Ne3 1-0

[Event "CAN-ch U16"]
[Site "Victoria CAN"]
[Date "1997.03.14"]
[Round "9"]
[White "Ho, Andrew"]
[Black "McLean, Nathan"]
[Result "1-0"]
[WhiteElo "2309"]
[BlackElo "1969"]
[PlyCount "93"]
[GameId "2160767911966374"]
[EventDate "1997.03.09"]
[EventType "tourn"]
[EventRounds "9"]
[EventCountry "CAN"]

1. d4 Nf6 2. c4 e5 3. dxe5 Ng4 4. Bf4 Nc6 5. Nf3 Bb4+ 6. Nbd2 Qe7 7. e3 Ngxe5 8. Nxe5 Nxe5 9. Be2 O-O 10. O-O d6 11. Nb3 Bc5 12. Nxc5 dxc5 13. Qc2 Ng6 14. Bg3 Re8 15. Rad1 b6 16. Bf3 Rb8 17. Rd2 Be6 18. Rfd1 Red8 19. b3 Rxd2 20. Rxd2 Kf8 21. h3 Bc8 22. Qe4 Be6 23. Qc6 Rc8 24. Qb7 a5 25. Bg4 f5 26. Bf3 h6 27. Bd5 Ke8 28. Bxe6 Qxe6 29. Bxc7 Ne7 30. Qxb6 Qc6 31. Qxc6+ Nxc6 32. Bb6 Ra8 33. Bxc5 a4 34. f4 axb3 35. axb3 Ra1+ 36. Kf2 Rb1 37. b4 Nxb4 38. Bxb4 Rxb4 39. Rd4 Ke7 40. Kf3 Ke6 41. g4 g6 42. c5 Rb8 43. Rd6+ Kf7 44. gxf5 gxf5 45. Rxh6 Rc8 46. c6 Kg7 47. Rd6 1-0

[Event "CAN-ch U16"]
[Site "Victoria CAN"]
[Date "1997.03.14"]
[Round "9"]
[White "Zugic, Igor"]
[Black "Wong, Samuel"]
[Result "1-0"]
[WhiteElo "2352"]
[BlackElo "1881"]
[PlyCount "107"]
[GameId "2160767911966375"]
[EventDate "1997.03.09"]
[EventType "tourn"]
[EventRounds "9"]
[EventCountry "CAN"]

1. d4 d5 2. Nf3 Nf6 3. g3 g6 4. Bg2 Bg7 5. O-O O-O 6. b3 c6 7. Bb2 Bf5 8. Nbd2 Qd7 9. Ne5 Qc7 10. c4 Nbd7 11. Nef3 Rac8 12. Rc1 Qb8 13. h3 Rfe8 14. Kh2 h6 15. Ne5 Nb6 16. c5 Nbd7 17. f4 Nxe5 18. fxe5 Nh7 19. e4 Be6 20. exd5 cxd5 21. b4 Red8 22. Qe2 Qc7 23. Nb3 Nf8 24. b5 Nd7 25. a4 Nb8 26. Bc3 Qd7 27. Ba5 Rf8 28. Rc3 h5 29. Nd2 Kh7 30. Rcf3 Rh8 31. R3f2 Rcf8 32. Nf3 Bh6 33. Bd2 Bg7 34. Ng5+ Kg8 35. Nxe6 Qxe6 36. Qf3 Rd8 37. h4 f6 38. exf6 Bxf6 39. Re2 Qf7 40. Bh3 Kh7 41. Bg5 Rhf8 42. Bxf6 exf6 43. Be6 Qg7 44. Bxd5 Rd7 45. Rfe1 Rfd8 46. c6 bxc6 47. Bxc6 Rf7 48. d5 Nxc6 49. bxc6 Qf8 50. Re6 Rd6 51. Rxd6 Qxd6 52. Re6 Qd8 53. d6 f5 54. d7 1-0

[Event "CAN-ch U18"]
[Site "Montreal CAN"]
[Date "1997.??.??"]
[Round "1"]
[White "Goldenberg, Danny"]
[Black "Hua, Lefong"]
[Result "0-1"]
[WhiteElo "2270"]
[BlackElo "2220"]
[PlyCount "62"]
[GameId "2160767912007906"]
[EventDate "1997.??.??"]
[EventType "swiss"]
[EventRounds "9"]
[EventCountry "CAN"]
[SourceTitle "EXT 99"]
[Source "ChessBase"]
[SourceDate "1998.11.10"]
[SourceVersion "1"]
[SourceVersionDate "1998.11.10"]
[SourceQuality "1"]

1. d4 g6 2. e4 Bg7 3. Nc3 d6 4. Nf3 c6 5. Be2 b5 6. a3 a6 7. O-O Nd7 8. Bf4 e5 9. Bg3 Qe7 10. dxe5 dxe5 11. Ne1 Ngf6 12. Nd3 O-O 13. Qd2 Re8 14. Rae1 Bb7 15. Bd1 c5 16. Bh4 Nb6 17. f4 Nxe4 18. Nxe4 Qxh4 19. Nd6 Nc4 20. Nxc4 bxc4 21. Nxc5 Rad8 22. Qa5 Bc6 23. f5 gxf5 24. Nxa6 Bh6 25. Qc5 Bf4 26. Rxf4 exf4 27. Rf1 Bxg2 28. Kxg2 Rd2+ 29. Rf2 Qg5+ 30. Kh3 Rxf2 31. Qxf2 Re3+ 0-1

[Event "CAN-ch U18"]
[Site "Montreal CAN"]
[Date "1997.??.??"]
[Round "2"]
[White "Cormos, Eugene"]
[Black "Gravel, Simon jr"]
[Result "0-1"]
[WhiteElo "2022"]
[BlackElo "1835"]
[PlyCount "56"]
[GameId "2160767912007910"]
[EventDate "1997.??.??"]
[EventType "swiss"]
[EventRounds "9"]
[EventCountry "CAN"]
[SourceTitle "EXT 99"]
[Source "ChessBase"]
[SourceDate "1998.11.10"]
[SourceVersion "1"]
[SourceVersionDate "1998.11.10"]
[SourceQuality "1"]

1. e4 e6 2. d4 d5 3. Nd2 c5 4. exd5 Qxd5 5. Ngf3 cxd4 6. Bc4 Qd6 7. O-O Nf6 8. Nb3 Nc6 9. Nbxd4 Nxd4 10. Nxd4 a6 11. c3 Qc7 12. Bb3 Bd6 13. h3 b5 14. Re1 O-O 15. Bg5 Bb7 16. Bxf6 gxf6 17. Qh5 Kh8 18. Qh6 Rg8 19. Qxf6+ Rg7 20. f3 Rag8 21. Re2 Be7 22. Qh6 Bg5 23. Qh5 Be3+ 24. Kh1 Qg3 25. Rc2 Bf4 26. Kg1 Qh2+ 27. Kf1 Rxg2 28. Rxg2 Rxg2 0-1

[Event "CAN-ch U18"]
[Site "Toronto CAN"]
[Date "1997.01.31"]
[Round "1"]
[White "Cormos, Eugene"]
[Black "Furrow, Matthew"]
[Result "1-0"]
[WhiteElo "2112"]
[BlackElo "1546"]
[PlyCount "41"]
[GameId "2160767911999386"]
[EventDate "1997.01.31"]
[EventType "swiss"]
[EventRounds "5"]
[EventCountry "CAN"]

1. e4 e5 2. Nf3 Nc6 3. Bc4 Bc5 4. c3 Nf6 5. O-O O-O 6. d4 exd4 7. cxd4 Bb6 8. d5 Ne7 9. e5 Ne4 10. Qc2 Nc5 11. b4 Na6 12. d6 Ng6 13. Qf5 Nxb4 14. Bg5 Qe8 15. h4 Nc6 16. Nbd2 h6 17. Qxg6 Kh8 18. Qf5 hxg5 19. Nxg5 g6 20. Qf6+ Kg8 21. Qxg6+ 1-0

[Event "CAN-ch U18"]
[Site "Toronto CAN"]
[Date "1997.01.31"]
[Round "1"]
[White "Gammon, Scott"]
[Black "Hua, Lefong"]
[Result "0-1"]
[WhiteElo "1604"]
[BlackElo "2285"]
[PlyCount "68"]
[GameId "2160767911999387"]
[EventDate "1997.01.31"]
[EventType "swiss"]
[EventRounds "5"]
[EventCountry "CAN"]

1. e4 c5 2. Nf3 d6 3. d4 cxd4 4. Nxd4 Nf6 5. Nc3 g6 6. Be3 Bg7 7. f3 Nc6 8. Qd2 O-O 9. O-O-O d5 10. exd5 Nxd5 11. Nxc6 bxc6 12. Nxd5 cxd5 13. Qxd5 Qc7 14. Qc5 Qb7 15. b3 Bf5 16. Bd3 Rfc8 17. Qa5 Qc6 18. Bxf5 gxf5 19. Qd2 f4 20. Bf2 a5 21. a4 Rab8 22. Qd3 Rb4 23. Kd2 e5 24. Rhe1 Bf6 25. Kc1 Rd8 26. Qf5 Rxd1+ 27. Rxd1 Rxb3 28. Qg4+ Kf8 29. Bh4 Rc3 30. Rd2 Qxa4 31. Rf2 Rc6 32. Bxf6 Qa1+ 33. Kd2 Rd6+ 34. Ke2 Qd1# 0-1

[Event "CAN-ch U18"]
[Site "Toronto CAN"]
[Date "1997.01.31"]
[Round "1"]
[White "Goldenberg, Danny"]
[Black "Pechisker, Alfred"]
[Result "1-0"]
[WhiteElo "2360"]
[BlackElo "1959"]
[PlyCount "85"]
[GameId "2160767911999388"]
[EventDate "1997.01.31"]
[EventType "swiss"]
[EventRounds "5"]
[EventCountry "CAN"]

1. e4 c5 2. Nf3 Nc6 3. d4 cxd4 4. Nxd4 e6 5. Nc3 d6 6. Be3 Nf6 7. Be2 Be7 8. O-O O-O 9. Kh1 a6 10. Nxc6 bxc6 11. f4 Qc7 12. Qe1 Rb8 13. b3 Nd7 14. Rd1 d5 15. Qg3 Bb4 16. Bd4 f6 17. Na4 c5 18. Bg1 d4 19. c3 dxc3 20. Nxc3 Nb6 21. Rc1 Bb7 22. Bd3 Rfd8 23. Nb1 c4 24. Bxc4 Nxc4 25. Rxc4 Qe7 26. a3 Bd6 27. Rfc1 Rbc8 28. b4 e5 29. Rxc8 Rxc8 30. Rxc8+ Bxc8 31. f5 Bb7 32. Qb3+ Kf8 33. Nc3 Qd7 34. h3 Bc6 35. Qc4 Bb5 36. Nxb5 axb5 37. Qd5 g6 38. Bc5 Ke7 39. Bxd6+ Qxd6 40. Qxd6+ Kxd6 41. g4 g5 42. Kg2 Kc6 43. Kf3 1-0

[Event "CAN-ch U18"]
[Site "Toronto CAN"]
[Date "1997.01.31"]
[Round "1"]
[White "Wu, Douglas"]
[Black "Golts, Roman"]
[Result "0-1"]
[WhiteElo "1947"]
[BlackElo "2317"]
[PlyCount "72"]
[GameId "2160767911999389"]
[EventDate "1997.01.31"]
[EventType "swiss"]
[EventRounds "5"]
[EventCountry "CAN"]

1. d4 Nf6 2. c4 e6 3. Nf3 b6 4. g3 Bb7 5. Bg2 Nc6 6. O-O Be7 7. Nc3 O-O 8. e4 d5 9. e5 Ne4 10. Qe2 Nxc3 11. bxc3 Ba6 12. Nd2 Na5 13. Qg4 Kh8 14. Re1 Nxc4 15. Nxc4 Bxc4 16. h4 c5 17. Bg5 h6 18. Bxe7 Qxe7 19. Qf4 Rac8 20. Re3 cxd4 21. cxd4 Qb4 22. a3 Qd2 23. g4 Bd3 24. g5 h5 25. Bf3 Bg6 26. Kg2 Rc1 27. Rxc1 Qxc1 28. Qg3 Qa1 29. Qf4 Rc8 30. Be2 Rc1 31. Bd3 Rg1+ 32. Kh2 Rg4 33. Qf3 Bxd3 34. Rxd3 Qg1+ 35. Kh3 Qf1+ 36. Kh2 Rxh4+ 0-1

[Event "CAN-ch U18"]
[Site "Toronto CAN"]
[Date "1997.01.31"]
[Round "1"]
[White "Zugic, Igor"]
[Black "Chin, Garrett"]
[Result "1-0"]
[WhiteElo "2286"]
[BlackElo "1914"]
[PlyCount "61"]
[GameId "2160767911999390"]
[EventDate "1997.01.31"]
[EventType "swiss"]
[EventRounds "5"]
[EventCountry "CAN"]

1. d4 g6 2. Nf3 Bg7 3. g3 d6 4. Bg2 Nf6 5. c4 O-O 6. O-O Nbd7 7. Nc3 e5 8. e4 c6 9. h3 Re8 10. d5 Nf8 11. Be3 c5 12. Ne1 Nh5 13. Kh2 Bh8 14. a3 a6 15. Nd3 Nd7 16. Rb1 Ng7 17. b4 b6 18. Qa4 Nb8 19. Qc2 f5 20. bxc5 bxc5 21. f4 exf4 22. Nxf4 Nd7 23. Ne6 Nxe6 24. dxe6 Ne5 25. exf5 Nxc4 26. Qa2 Qa5 27. Qxc4 Qxc3 28. Qxc3 Bxc3 29. Bxa8 Bxe6 30. Bc6 Rc8 31. fxe6 1-0

[Event "CAN-ch U18"]
[Site "Toronto CAN"]
[Date "1997.02.01"]
[Round "2"]
[White "Chin, Garrett"]
[Black "Furrow, Matthew"]
[Result "1-0"]
[WhiteElo "1914"]
[BlackElo "1546"]
[PlyCount "43"]
[GameId "2160767911999391"]
[EventDate "1997.01.31"]
[EventType "swiss"]
[EventRounds "5"]
[EventCountry "CAN"]

1. d4 d5 2. Nf3 Nc6 3. Bf4 Bf5 4. e3 e6 5. Nbd2 Nb4 6. Bb5+ c6 7. Ba4 b5 8. Bb3 c5 9. dxc5 Bxc5 10. a3 Nc6 11. O-O Nge7 12. Qe2 a6 13. Nh4 e5 14. Nxf5 Nxf5 15. Bg3 h5 16. Qf3 Nxg3 17. Bxd5 Ne2+ 18. Kh1 O-O 19. Nb3 Be7 20. Bxc6 Rc8 21. Rfe1 f5 22. Bd5+ 1-0

[Event "CAN-ch U18"]
[Site "Toronto CAN"]
[Date "1997.02.01"]
[Round "2"]
[White "Gammon, Scott"]
[Black "Wu, Douglas"]
[Result "0-1"]
[WhiteElo "1604"]
[BlackElo "1947"]
[PlyCount "70"]
[GameId "2160767911999392"]
[EventDate "1997.01.31"]
[EventType "swiss"]
[EventRounds "5"]
[EventCountry "CAN"]

1. e4 c5 2. Nf3 d6 3. d4 cxd4 4. Nxd4 Nf6 5. Nc3 a6 6. h3 b5 7. a3 Bb7 8. Bd3 e6 9. Be3 Be7 10. O-O Nbd7 11. f4 Qc7 12. Nf3 Rd8 13. Qe2 O-O 14. Bd4 Nc5 15. Ne1 d5 16. Bxf6 Bxf6 17. e5 Be7 18. Rc1 Qb6 19. Kh1 Rc8 20. Nf3 Nxd3 21. Qxd3 Qc6 22. Nd4 Qc4 23. Qxc4 dxc4 24. Rcd1 Rcd8 25. Nf3 h6 26. Rxd8 Rxd8 27. Rf2 Bc5 28. Rd2 Rxd2 29. Nxd2 Be3 30. Nce4 Bxe4 31. Nxe4 Bxf4 32. Nc5 Bxe5 33. b3 cxb3 34. cxb3 a5 35. Kg1 Bd4+ 0-1

[Event "CAN-ch U18"]
[Site "Toronto CAN"]
[Date "1997.02.01"]
[Round "2"]
[White "Golts, Roman"]
[Black "Hua, Lefong"]
[Result "0-1"]
[WhiteElo "2317"]
[BlackElo "2285"]
[PlyCount "102"]
[GameId "2160767911999393"]
[EventDate "1997.01.31"]
[EventType "swiss"]
[EventRounds "5"]
[EventCountry "CAN"]

1. e4 c5 2. Nf3 d6 3. d4 cxd4 4. Nxd4 Nf6 5. Nc3 g6 6. Be3 Bg7 7. f3 Nc6 8. Bc4 Qb6 9. Bb5 O-O 10. Nf5 Qa5 11. Nxg7 Kxg7 12. Qd2 Rd8 13. Bc4 Ne5 14. Bb3 Be6 15. O-O Nc4 16. Bxc4 Bxc4 17. Rfe1 Rac8 18. Qf2 b6 19. Bd4 e5 20. Be3 Be6 21. a3 Rd7 22. Rad1 b5 23. Bd2 Qa6 24. Be3 Qb7 25. a4 bxa4 26. Nxa4 Qb5 27. b3 Rdc7 28. Rd2 Qa6 29. Red1 Ne8 30. Nb2 Qa2 31. c4 Qxb3 32. Bxa7 Bxc4 33. Nxc4 Qxc4 34. Be3 Rb7 35. Qh4 h5 36. Qg5 Qe6 37. Qh4 Rcb8 38. h3 Rb3 39. Qf2 Rb1 40. Kh2 Qc4 41. Rc2 Qa4 42. Rd5 Qa1 43. f4 Nf6 44. fxe5 Rh1+ 45. Kg3 Nxe4+ 46. Kf3 Nxf2 47. exd6 Qb1 48. Rxf2 Rf1 49. d7 Rxf2+ 50. Kxf2 Qa2+ 51. Rd2 Qa5 0-1

[Event "CAN-ch U18"]
[Site "Toronto CAN"]
[Date "1997.02.01"]
[Round "2"]
[White "Pechisker, Alfred"]
[Black "Cormos, Eugene"]
[Result "0-1"]
[WhiteElo "1959"]
[BlackElo "2112"]
[PlyCount "104"]
[GameId "2160767911999394"]
[EventDate "1997.01.31"]
[EventType "swiss"]
[EventRounds "5"]
[EventCountry "CAN"]

1. d4 d5 2. c4 e6 3. Nc3 Nf6 4. Bg5 Be7 5. Nf3 O-O 6. e3 Nbd7 7. Bd3 c6 8. O-O dxc4 9. Bxc4 Nd5 10. Bxe7 Qxe7 11. Qd2 N7f6 12. Rfe1 Rd8 13. e4 Nb6 14. Qe2 c5 15. Rac1 cxd4 16. Nb5 e5 17. Ng5 Nxc4 18. Qxc4 Bd7 19. Qc5 Qxc5 20. Rxc5 Bc6 21. Na3 h6 22. Nf3 Nd7 23. Rcc1 f6 24. Nc4 Nb6 25. Nxb6 axb6 26. a3 Ra4 27. Nd2 b5 28. f3 b4 29. axb4 Rxb4 30. b3 Rd7 31. Kf2 Kf7 32. Ra1 Ke6 33. Rec1 g6 34. Ra8 Re7 35. Rh8 h5 36. h3 Rb5 37. Ra8 Rf7 38. Rg8 g5 39. g4 hxg4 40. hxg4 Ra5 41. Rh8 Ra2 42. Ke1 Rb2 43. Rb1 Rc2 44. Kd1 Rc3 45. Rc1 Bb5 46. Rxc3 dxc3 47. Nb1 Rd7+ 48. Kc2 Bd3+ 49. Kc1 Bxb1 50. Kxb1 Rd2 51. Rh1 Rb2+ 52. Kc1 Rf2 0-1

[Event "CAN-ch U18"]
[Site "Toronto CAN"]
[Date "1997.02.01"]
[Round "2"]
[White "Zugic, Igor"]
[Black "Goldenberg, Danny"]
[Result "1/2-1/2"]
[WhiteElo "2286"]
[BlackElo "2360"]
[PlyCount "76"]
[GameId "2160767911999395"]
[EventDate "1997.01.31"]
[EventType "swiss"]
[EventRounds "5"]
[EventCountry "CAN"]

1. d4 Nf6 2. Nf3 g6 3. g3 Bg7 4. Bg2 O-O 5. O-O d6 6. c4 Nc6 7. Nc3 a6 8. h3 Rb8 9. a4 e5 10. d5 Na5 11. Qd3 Nb3 12. Ra3 Nxc1 13. Rxc1 Nh5 14. e4 f5 15. Qe2 Bh6 16. Rd1 Nf6 17. Nh2 Bd7 18. b4 Qc8 19. Rf1 fxe4 20. g4 Qd8 21. Nxe4 Nxe4 22. Bxe4 Qh4 23. Kg2 Bf4 24. Ra2 Bxh2 25. Kxh2 Rf4 26. f3 Rbf8 27. Rg1 h5 28. Qe1 Qxe1 29. Rxe1 hxg4 30. hxg4 Kg7 31. Kg3 Rh8 32. a5 g5 33. Rh2 Rxh2 34. Kxh2 Be8 35. Kg3 Bg6 36. Bxg6 Kxg6 37. Re4 Kf6 38. Kf2 Rxe4 1/2-1/2